<?xml version="1.0" encoding="UTF-8"?><?xml-stylesheet type="text/xsl" href="static/style.xsl"?><OAI-PMH xmlns="http://www.openarchives.org/OAI/2.0/" xmlns:xsi="http://www.w3.org/2001/XMLSchema-instance" xsi:schemaLocation="http://www.openarchives.org/OAI/2.0/ http://www.openarchives.org/OAI/2.0/OAI-PMH.xsd"><responseDate>2026-04-18T06:06:00Z</responseDate><request verb="GetRecord" identifier="oai:www.recercat.cat:10230/32593" metadataPrefix="marc">https://recercat.cat/oai/request</request><GetRecord><record><header><identifier>oai:recercat.cat:10230/32593</identifier><datestamp>2025-12-13T21:25:54Z</datestamp><setSpec>com_2072_6</setSpec><setSpec>col_2072_452952</setSpec></header><metadata><record xmlns="http://www.loc.gov/MARC21/slim" xmlns:dcterms="http://purl.org/dc/terms/" xmlns:xsi="http://www.w3.org/2001/XMLSchema-instance" xmlns:doc="http://www.lyncode.com/xoai" xsi:schemaLocation="http://www.loc.gov/MARC21/slim http://www.loc.gov/standards/marcxml/schema/MARC21slim.xsd">
   <leader>00925njm 22002777a 4500</leader>
   <datafield ind2=" " ind1=" " tag="042">
      <subfield code="a">dc</subfield>
   </datafield>
   <datafield ind2=" " ind1=" " tag="720">
      <subfield code="a">Prieto Vives, Pilar, 1965-</subfield>
      <subfield code="e">author</subfield>
   </datafield>
   <datafield ind2=" " ind1=" " tag="260">
      <subfield code="c">2017-07-21T10:01:51Z</subfield>
   </datafield>
   <datafield ind2=" " ind1=" " tag="260">
      <subfield code="c">2017-07-21T10:01:51Z</subfield>
   </datafield>
   <datafield ind2=" " ind1=" " tag="260">
      <subfield code="c">2015</subfield>
   </datafield>
   <datafield ind2=" " ind1=" " tag="520">
      <subfield code="a">Traditionally, prosodic studies have focused on the study of intonational form and the study of intonational meaning has been relatively neglected. Similarly, the fields of semantics and pragmatics have paid little attention to the pragmatic uses of intonation. As a result, there is no firm agreement within the linguistic community on how to integrate the analysis of intonational meaning across languages into a unified prosodic, semantic, and pragmatic approach. This article provides an overview of the literature on intonational meaning, describing the recent advances made in the fields of prosody, semantics/pragmatics, and syntax. Several theoretical approaches to explaining the semantics and pragmatics of intonation are presented. A common feature to most frameworks is that intonation (1) should be regarded as an integral part of linguistic grammar; and (2) typically encodes meanings related to the modal aspect of propositions. However, features such as compositionality, duality of structure, and context-dependency are still hotly debated issues. These features will be discussed from different theoretical perspectives, and we will identify potential advances related to the full integration of intonational meaning into dynamic and multidimensional models of meaning.</subfield>
   </datafield>
   <datafield ind2=" " ind1=" " tag="520">
      <subfield code="a">This research has been fundedby a grant awarded by the Spanish Ministry of Science and Innovation (FFI2012-31995 ‘Gestures, prosody and linguistic structure’), and by a grant awarded by the Generalitat de Catalunya (2014SGR-925) to the Prosodic Studies Group.</subfield>
   </datafield>
   <datafield tag="653" ind2=" " ind1=" ">
      <subfield code="a">Entonació (Fonètica)</subfield>
   </datafield>
   <datafield tag="653" ind2=" " ind1=" ">
      <subfield code="a">Anàlisi prosòdica (Lingüística)</subfield>
   </datafield>
   <datafield ind2="0" ind1="0" tag="245">
      <subfield code="a">Intonational meaning</subfield>
   </datafield>
</record></metadata></record></GetRecord></OAI-PMH>